000 00569nam a2200193 4500
001 136431
003 ES-MaACL
005 20240314063028.0
007 t|
008 070214s1975 sp r ||||1| spa d
100 1 _aSade,
_cmarquis de,
_d1740-1814
_9101276
245 1 0 _aDiario último /
_cMarquis de Sade ; traducción y prólogo de José Lasaga.
250 _a1ª. ed.
260 _aMadrid :
_bEd. Felmar,
_c1975.
300 _a184 p. ;
_c17 cm.
700 1 _aLasaga, José.
_970402
852 _aES-MaACL
_jE-7188
_bR.91581
999 _c136431
_d136431